00617nam a22001697a 4500003000400000008004100004020001800045082001600063100006100079245005000140250001200190260003500202300000900237942001300246999001700259952017100276OSt260225b |||||||| |||| 00| 0 eng d a9788175053885 a294.555 VIC aAdvaita Ashrama (Publication Hourse of Ramakrishna Math) aThe Complete works of Swami Vivekananda Vol.6 a12th Ed aKolkatabAdvaita Ashramac2023 a542p 2ddccREF c13867d13867 00102ddc40708IKSBCaPIETbPIETd2026-02-24eZafaa Books and DistributorsfINRg393.88kZBD0457l0o294.555 VICpK162r2026-02-25 00:00:00v393.88w2026-02-24yREF